Города Псковской области - Statistics

General Stats
  • This quiz has been taken 70 times
  • The average score is 9 of 14
Answer Stats
Население Город % Correct
187 129 Псков
100%
85 989 Великие Луки
86%
7850 Дно
80%
9808 Печоры
70%
3465 Гдов
70%
20 923 Остров
61%
9928 Опочка
61%
13 980 Невель
57%
7309 Порхов
55%
5263 Пыталово
50%
6246 Себеж
48%
3222 Новоржев
43%
4070 Пустошка
41%
6895 Новосокольники
34%
No matching quizzes found
Score Distribution
Percent of People with Each Score
Percentile by Number Answered
Your Score History
You have not taken this quiz